000 01079nas a2200301 i 4500
001 663
003 ES-MaACL
005 20250416161302.0
007 t|
008 950801c1973 sp | | 1 ||pa d
022 _a0212-4114
080 _a366.5
245 0 0 _aCiudadano
_b: revista de información al consumidor /
_c[dir. Heriberto Quesada].
260 _aMadrid :
_bCiudadano,
_c1973-
300 _a6 v. :
_bgrab. ;
_c29 cm.
310 _aMensual
321 _aMensual,
_b1973-feb. 1975
321 _aQuincenal,
_bmar.-sep. 1975
362 0 _aN. 1 (oct. 1973)-
650 1 4 _aRevistas de información general.
_916896
650 4 _aConsumidores-
_xProtección.
_9162518
655 7 _2tgfbne
_9226866
_aRevistas
700 1 _aQuesada, Heriberto,
_9227499
852 _aES-MaACL
_jHEM-H-277
_dOlim: HEM-1477
_9682
_cHEM
_zExpurgada marzo 2025: posterior 1958; sin encuadernar; muy incompleta; completa colección de BNE; 33 localizaciones en Rebiun
866 0 _o(1975f.n.28)1976-77(1978f.n.79)1979(1980f.n.95y100).
942 _2udc
999 _c663
_d663